Economics
Salvato in:
| Autore principale: | |
|---|---|
| Natura: | Libro |
| Lingua: | inglese |
| Pubblicazione: |
McGraw- Hill Education
2020
|
| Tags: |
Aggiungi Tag
Nessun Tag, puoi essere il primo ad aggiungerne!!
|
MARC
| LEADER | 00000nam a22000007a 4500 | ||
|---|---|---|---|
| 008 | 240403b |||||||| |||| 00| 0 eng d | ||
| 020 | |a 978126566086 | ||
| 100 | |a COLANDER, David C. | ||
| 245 | |a Economics |c /David C. Colander |g xxvii, 870p;ill | ||
| 250 | |b 11th | ||
| 260 | |b McGraw- Hill Education |c 2020 |h New York |i 701479 |i 701480 |l HB171.5.C67 |m Economics | ||
| 500 | |a it includes index | ||
| 942 | |a lcc |c BK |e Johnson |f 04/04/24 | ||
| 952 | |0 0 |1 0 |2 lcc |4 0 |6 HB01715 C67 |7 0 |9 5026 |a SSL |b HOL |c GJ |d 2024-04-03 |l 0 |o HB171.5.C67 |p 2024-0277 |r 2024-04-03 00:00:00 |t 701479 |w 2024-04-03 |y BK | ||
| 952 | |0 0 |1 0 |2 lcc |4 0 |6 HB01715 C67 |7 0 |9 5027 |a HOL |b HOL |c GJ |d 2024-04-03 |l 0 |o HB171.5.C67 |p 2024-0278 |r 2024-04-03 00:00:00 |t 701480 |w 2024-04-03 |y BK | ||
| 999 | |c 2495 |d 2495 | ||